000 00404pab a2200157 454500
008 180718b2011 xxu||||| |||| 00| 0 eng d
100 _aChakravorty, S.K.
245 _aEnergy conservation through improved maintenance of plant and machinery
260 _c2011
300 _ap.83-88.
362 _aJul-Dec
650 _aEnergy conservation
773 _aProductivity
908 _aN
909 _a98582
999 _c98581
_d98581